Регионална библиотека "Любен Каравелов" - Русе

Зазоряване (Запис номер 137312)

MARC детайли
000 -Лидер
Контролно поле с фиксирана дължина 01052nam a2200289 c 4500
003 - Код на организацията, давaща контролен номер
Контролно поле BLK
005 - Дата и час на последна редакция
Контролно поле 20180422112039.0
008 - Елементи от данни с фиксирана дължина
fixed length control field 180409b bul|||||r ||||||| ||bul||
010 ## - Наследен системен номер
LC control number KNG00143279000
040 ## - Източник на каталожния запис
Идентификатор на билиотеката - собственик на записа BLK
041 ## - Код за език
Код за езика на текст/звукозапис или на отделно заглавие Български
Код за езика КДБФ Български
080 ## - УДК
Текстов определител УДК Чешка литература
УДК код - определител по УДК 821.162.3
УДК определител -31
УДК - код + определител 821.162.3-31
100 1# - Редна дума - Автор
Автор Глазарова, Ярмила
Авторска отговорност първи автор
R(LIN) 54351
139 ## - Редно поле
Редна дума Глазарова, Ярмила
Авторски знак Глад - Г 53
245 10 - Сведения за заглавието
Заглавие Зазоряване
Подзаглавни данни Роман
Редно поле (дума) Ярмила Глазарова; прев. от чеш. Веселина Маринова Геновска.
257 ## - Страна на издаване
Страна на създаване/издаване Чехия
260 ## - Област на издателските данни
-- София
Име на издателя, разпространителя и проч. Нар. култура
Година на издаване 1953
300 ## - Физическа характеристика
Страници 180 с.
Илюстрации и др. с 1 портр.
Размери/Мащаб 22 см
380 ## - Жанр
Жанр Худож. лит.
500 ## - Общи забележки
Забележка 4 000 тир.
700 1# - Други автори (авторска отговорност)
Лично име Геновска, Веселина Маринова
Автороска отговорност (Описва отношението между автора и произведението) прев. от чеш.
9 (RLIN) 378253
852 ## - Местоположение
Форматна сигнатура Цб 3087
856 4# - Електронен адрес и достъп
Електронен формат pdf - файл
Път до файла /url/
856 4# - Електронен адрес и достъп
Електронен формат pdf - файл
Път до файла /url/
942 ## - АРТИКУЛИ
Вид на библиотечния материал Книги
Скрит в OPAC Не
944 ## - СЪЗДАВАНЕ И РЕДАКЦИЯ на ЗАПИСА
Създаване/Редакция Създаване
Дата на регистрацията/редакция 26.09.2016
Служител, извършил регистрацията/редакцията Кина_Георгиева
944 ## - СЪЗДАВАНЕ И РЕДАКЦИЯ на ЗАПИСА
Създаване/Редакция Редакция
Дата на регистрацията/редакция 26.09.2016
Служител, извършил регистрацията/редакцията Кина_Георгиева
999 ## - СИСТЕМНИ КОНТРОЛНИ НОМЕРА
Koha biblionumber 137312
Koha biblioitemnumber 137312
Наличности
Код за отписване Код за изгубен артикул Източник на класификационната схема Код за повреда Коз за рестрикции Код за отдаване Артикулен № Име на библиотеката - собственик Име на библиотеката, в която се намира в момента Статус (Текущо местоположение) Дата на вписване в системата Местоположение - отдел Цена в лева Инвентарен номер Систематично азбучна сигнатура Баркод Номер на екземпляра Цена в евро Служебна бележка Служебен тип на артикула
  Не е изгубен Universal Decimal Classification Не е повреден без рестрикции ползва се в читалня 224586 Регионална библиотека "Любен Каравелов" Русе Регионална библиотека "Любен Каравелов" Русе Хранилище 1953-01-01 Основен фонд - ползва се само за читалня 0.70 7381/53 Цб 3087 900000050826 1 0.36 N: стар фонд Дата: 01.01.1953 Книги
Изтеглен Не е изгубен Universal Decimal Classification Не е повреден без рестрикции заемане за дома 224587 Регионална библиотека "Любен Каравелов" Русе Регионална библиотека "Любен Каравелов" Русе Заемна - подръчен фонд 1953-01-01 Заемна - подръчен фонд 0.00 7382/53 П 885-31/Г 53 7382/53 2 0.00 N: стар фонд Дата: 01.01.1953 Книги
Изтеглен Не е изгубен Universal Decimal Classification Не е повреден без рестрикции заемане за дома 224588 Регионална библиотека "Любен Каравелов" Русе Регионална библиотека "Любен Каравелов" Русе Заемна - подръчен фонд 1953-01-01 Заемна - подръчен фонд 0.00 605/53 П 885-31/Г 53 605/53 3 0.00 N: стар фонд Дата: 01.01.1953 Книги
Vip Innovations Ltd, Rousse, Bulgaria 2025